Πλανητική πολιτική μετά τον ψυχρό πόλεμο
Αποθηκεύτηκε σε:
| Κύριος συγγραφέας: | |
|---|---|
| Μορφή: | Βιβλίο |
| Γλώσσα: | Greek German |
| Δημοσίευση: |
Αθήνα :
Θεμέλιο,
c1992.
|
| Θέματα: | |
| Ετικέτες: |
Προσθήκη ετικέτας
Δεν υπάρχουν, Καταχωρήστε ετικέτα πρώτοι!
|
MARC
| LEADER | 00000cam a2200000 i 4500 | ||
|---|---|---|---|
| 001 | 1/38551 | ||
| 008 | 950126s1992 gr | ||| |||| ||gre|| | ||
| 020 | |a 9603101613 | ||
| 035 | |a 1995 |c ΤΣΙΒΑΚΟΥ |l 10040793 | ||
| 035 | |a 1998 |b 1 |c ΚΠΣ/Δημοτικής Εκπαίδευσης | ||
| 040 | |a GR-MyUA |b gre |e AACR2 | ||
| 041 | 1 | |a gre |h ger | |
| 082 | 0 | |a 327 | |
| 100 | 1 | |a Κονδύλης, Παναγιώτης, |d 1943-1998. | |
| 245 | 1 | 0 | |a Πλανητική πολιτική μετά τον ψυχρό πόλεμο / |c Παναγιώτης Κονδύλης. |
| 260 | |a Αθήνα : |b Θεμέλιο, |c c1992. | ||
| 300 | |a 179 σ. ; |c 21 εκ | ||
| 500 | |a Τίτλος πρωτοτύπου: Planetarische Politic Nach dem Kalten Krieg. | ||
| 650 | 0 | 0 | |a World politics |y 1989- |
| 650 | 0 | 0 | |a Nationalism. |
| 852 | |a INST |b RHODES |e 19980402 |h 327 ΚΟΝ |p 005400010796 |q 005400010796 |t BK |y 0 | ||
| 852 | |a INST |b RHODES |e 20020214 |h 327 ΚΟΝ |p 005400016694 |q 005400016694 |t BK |y 0 | ||
| 852 | |a INST |b SAMOS |e 19950126 |h 327 ΚΟΝ |p 005300006235 |q 005300006235 |t BK |y 0 | ||
| 901 | |a BIBL-1998-1 | ||
| 909 | |a Σ |b 035583 | ||
| 909 | |a Ρ |b 053024 | ||
| 909 | |a Ρ |b 085249 | ||